01040cam a2200277 a 4500001000500000005001700005008004100022020002500063020002200088020001800110040005200128050002500180082001400205100001700219245007000236250001800306260003700324300004600361500010200407500006000509505000800569520011500577521002000692521002000712700003000732112120230815105309.0060223s2006 nyua j 000 1 eng d a9781423104223 (pbk.) a1423104226 (pbk.) a9781423104223 aJJGcJJGdBAKERdOCOdBTCTAdD8DdXY4dDLCbeng00aPZ7.G75149bHit 200500a[Fic]2221 aGrace, N. B.10aHigh school musical :bthe junior novel /cadapted by N.B. Grace. aFirst Edition aNew York :bDisney Press,c2006. a139 pages :bcolor illustrations :c20 cm a"Based on the Disney Channel original movie "High School Musical", written by Peter Barsocchini." a"With 8 pages of photos of the stars"--P. [1] of Cover. aQ  aA shy, studious student and the captain of the basketball team secretly audition for the school musical leads. a710 bLexile  aQ bRaz-Plus 1 aBarsocchini, Peterd1952-